| 000 | 00523nam a2200169 4500 | ||
|---|---|---|---|
| 001 | 136178 | ||
| 003 | ES-MaACL | ||
| 005 | 20230906195044.0 | ||
| 007 | t| | ||
| 008 | 070214s1939 sp r ||||1| spa d | ||
| 100 | 1 |
_aRuiz Soler, Luis. _9100931 |
|
| 245 | 1 | 0 |
_aTratado elemental teórico-práctico de contabilidad general / _cpor Luis Ruiz Soler. |
| 250 | _a4ª ed. corr. y aum. | ||
| 260 |
_aAvila : _b[s. n.], _c1939 ( _fTip. Senén Martín) |
||
| 300 |
_aXI, 392 p. ; _c24 cm. |
||
| 852 |
_aES-MaACL _jF-15276 _bR.18981 |
||
| 999 |
_c136178 _d136178 |
||